Личности Гражданской войны в России по фото - Statistics

General Stats
  • This quiz has been taken 137 times
  • The average score is 13 of 30
Answer Stats
Picture Answer % Correct
Лев Троцкий
92%
Иосиф Сталин
89%
Александр Колчак
85%
Антон Деникин
74%
Пётр Врангель
74%
Нестор Махно
69%
Михаил Тухачевский
65%
Семён Будённый
63%
Михаил Фрунзе
59%
Феликс Дзержинский
57%
Лавр Корнилов
55%
Климент Ворошилов
54%
Василий Чапаев
47%
Пётр Краснов
46%
Симон Петлюра
43%
Николай Юденич
37%
Василий Блюхер
29%
Григорий Семёнов
27%
Григорий Котовский
24%
Михаил Алексеев
24%
Павел Скоропадский
24%
Александр Егоров
21%
Николай Щорс
19%
Владимир Каппель
16%
Сергей Каменев
16%
Владимир Антонов-Овсеенко
16%
Алексей Каледин
15%
Александр Дутов
13%
Владимир Май-Маевский
11%
Иоаким Вацетис
6%
No matching quizzes found
Score Distribution
Percent of People with Each Score
Percentile by Number Answered
Your Score History
You have not taken this quiz